|
|
|
|
| LEADER |
02051nam a22003975i 4500 |
| 001 |
978-3-642-31647-0 |
| 003 |
DE-He213 |
| 005 |
20151121020133.0 |
| 007 |
cr nn 008mamaa |
| 008 |
131218s2013 gw | s |||| 0|eng d |
| 020 |
|
|
|a 9783642316470
|9 978-3-642-31647-0
|
| 024 |
7 |
|
|a 10.1007/978-3-642-31647-0
|2 doi
|
| 040 |
|
|
|d GrThAP
|
| 050 |
|
4 |
|a K3601-3611
|
| 072 |
|
7 |
|a LNTM
|2 bicssc
|
| 072 |
|
7 |
|a LAW093000
|2 bisacsh
|
| 082 |
0 |
4 |
|a 344.0321
|2 23
|
| 100 |
1 |
|
|a Zhao, Xiju.
|e author.
|
| 245 |
1 |
4 |
|a The Duty of Medical Practitioners and CAM/TCM Practitioners to Inform Competent Adult Patients about Alternatives
|h [electronic resource] /
|c by Xiju Zhao.
|
| 264 |
|
1 |
|a Berlin, Heidelberg :
|b Springer Berlin Heidelberg :
|b Imprint: Springer,
|c 2013.
|
| 300 |
|
|
|a XII, 416 p.
|b online resource.
|
| 336 |
|
|
|a text
|b txt
|2 rdacontent
|
| 337 |
|
|
|a computer
|b c
|2 rdamedia
|
| 338 |
|
|
|a online resource
|b cr
|2 rdacarrier
|
| 347 |
|
|
|a text file
|b PDF
|2 rda
|
| 520 |
|
|
|a The book pays interest to a small and almost untouched topic: a health practitioner’ s duty to inform about alternatives. It covers both orthodox medicine practitioners and CAM practitioners. The topic is explored in a co mparative way, examining the laws of not only common law jurisdictions, such as the USA, England, Canada, Australia, New Zealand, but also two East Asia jurisdictions ( China and Japan ) . It uses the collective wisdom of several common law jurisdictions, but also differentiates them. It places the issue of “disclosure of alternatives” in a clear and wider context, making a cogent distinction between diagnosis/treatment and information disclosure.
|
| 650 |
|
0 |
|a Law.
|
| 650 |
|
0 |
|a Medical laws and legislation.
|
| 650 |
1 |
4 |
|a Law.
|
| 650 |
2 |
4 |
|a Medical Law.
|
| 710 |
2 |
|
|a SpringerLink (Online service)
|
| 773 |
0 |
|
|t Springer eBooks
|
| 776 |
0 |
8 |
|i Printed edition:
|z 9783642316463
|
| 856 |
4 |
0 |
|u http://dx.doi.org/10.1007/978-3-642-31647-0
|z Full Text via HEAL-Link
|
| 912 |
|
|
|a ZDB-2-SHU
|
| 950 |
|
|
|a Humanities, Social Sciences and Law (Springer-11648)
|